Código de minería: edición oficial, aprobada por decreto N§895, de 31 de agosto de 1998, del Ministerio de Justicia

Guardat en:
Dades bibliogràfiques
Format: Llibre
Idioma:espanyol
Publicat: Santiago Jurídica de Chile 2001
Edició:4a. ed
Matèries:
Etiquetes: Afegir etiqueta
Sense etiquetes, Sigues el primer a etiquetar aquest registre!

MARC

LEADER 00000nam a2200000 a 4500
001 UCN3882
003 CL-VaPUC
008 010713e20010500CL |||||||||||||||||spa|d
082 0 4 |a 343.83077  |b COD  |2 21 
245 1 0 |a Código de minería: edición oficial, aprobada por decreto N§895, de 31 de agosto de 1998, del Ministerio de Justicia 
250 |a 4a. ed 
300 |a 347 p 
942 |c BK 
945 |d 20010713 00:00:00  |a vberengu 
260 |a Santiago  |b Jurídica de Chile  |c 2001 
500 |a Apéndice actualizado a febrero de 2001 
650 0 |a Concesiones mineras  |9 256334 
650 7 |a CONSERVADOR DE MINAS  |2 CL-VaPUC  |9 387123 
650 0 |a Derecho de minería  |9 344919 
650 0 |a Minería  |9 326008 
650 7 |a SERVIDUMBRES MINERAS  |2 CL-VaPUC  |9 460482 
651 7 |a CHILE  |2 CL-VaPUC  |9 460483 
583 |a last modification  |c 20010713 00:00:00  |k Rodrigo Vera 
999 |c 296553  |d 296551 
952 |0 0  |1 0  |2 ddc  |4 0  |6 343_830770000000000_COD_2001  |7 0  |8 FOND_LRYV  |9 350416  |a BIBDER  |b BIBDER  |d 2019-11-20  |i 3739147  |o 343.83077 COD 2001  |p 3739147  |r 2023-01-25  |w 2019-11-20  |y BK_X  |k DER 
952 |0 0  |1 0  |2 ddc  |4 0  |6 343_830770000000000_COD_2001  |7 0  |8 FOND_LRYV  |9 350417  |a BIBDER  |b BIBDER  |d 2019-11-20  |i 3739155  |o 343.83077 COD 2001  |p 3739155  |r 2023-01-25  |w 2019-11-20  |y BK_X  |k DER